MARC

LEADER 00000nam0a2200000 4500
001 130917
005 20250825093514.0
010 |a 5278002573 
035 |a (RuTPU)RU\TPU\book\141788 
090 |a 130917 
100 |a 20080211d1990 km y0rusy50 ca 
101 0 |a rus 
102 |a RU 
105 |a a z 000zy 
200 1 |a Сильнейшие пловцы мира  |e (методика спортивной тренировки)  |f В. Н. Платонов, С. Л. Фесенко 
210 |a Москва  |c Физкультура и спорт  |d 1990 
215 |a 304 с.  |c ил. 
333 |a Исключено из фонда НТБ ТПУ 
610 1 |a спорт 
610 1 |a спортивное плавание 
610 1 |a пловцы 
610 1 |a спортивные тренировки 
610 1 |a методика 
610 1 |a многолетняя подготовка 
610 1 |a подготовка к соревнованиям 
610 1 |a предстартовая подготовка 
610 1 |a физическая подготовка 
610 1 |a программы тренировок 
675 |a 797  |v 3 
700 1 |a Платонов  |b В. Н.  |g Владимир Николаевич 
701 1 |a Фесенко  |b С. Л.  |g Сергей Леонидович 
801 1 |a RU  |b 63413507  |c 20080211  |g PSBO 
942 |c BK